Ten flag shapes of the world - speed typing - yellow box - Statistics

General Stats
  • This quiz has been taken 34 times
  • The average score is 6 of 10
Answer Stats
Picture Answer % Correct
Afghanistan
100%
Argentina
100%
Australia
100%
Bahrain
100%
Bangladesh
100%
Belgium
100%
Belize
100%
Benin
100%
Bhutan
100%
Brazil
100%
Central African Republic
100%
Chad
100%
Chile
100%
China
100%
Cuba
100%
Czech Republic
100%
Djibouti
100%
Dominican Republic
100%
D.R. Congo
100%
Eritrea
100%
Estonia
100%
Ethiopia
100%
Guatemala
100%
Guinea
100%
Guyana
100%
Iceland
100%
India
100%
Ireland
100%
Ivory Coast
100%
Jamaica
100%
Kenya
100%
Latvia
100%
Lebanon
100%
Liberia
100%
Libya
100%
Luxembourg
100%
Madagascar
100%
Mali
100%
Mauritania
100%
Mongolia
100%
Montenegro
100%
Morocco
100%
Myanmar
100%
Netherlands
100%
New Zealand
100%
Niger
100%
Pakistan
100%
Palau
100%
Papua New Guinea
100%
Poland
100%
Samoa
100%
San Marino
100%
Singapore
100%
South Korea
100%
Spain
100%
Sri Lanka
100%
Taiwan
100%
Tonga
100%
Trinidad and Tobago
100%
Turkey
100%
United Arab Emirates
100%
United States
100%
Yemen
100%
East Timor
75%
Bulgaria
50%
Finland
50%
Georgia
50%
Israel
50%
Kosovo
50%
Laos
50%
Portugal
50%
Rep. of the Congo
50%
Saint Lucia
50%
Thailand
33%
Tuvalu
33%
Albania
0%
Algeria
0%
Andorra
0%
Angola
0%
Antigua and Barbuda
0%
Armenia
0%
Austria
0%
Azerbaijan
0%
Bahamas
0%
Barbados
0%
Belarus
0%
Bolivia
0%
Bosnia and Herzegovina
0%
Botswana
0%
Brunei
0%
Burkina Faso
0%
Burundi
0%
Cambodia
0%
Cameroon
0%
Canada
0%
Cape Verde
0%
Colombia
0%
Comoros
0%
Costa Rica
0%
Croatia
0%
Cyprus
0%
Denmark
0%
Dominica
0%
Ecuador
0%
Egypt
0%
El Salvador
0%
Equatorial Guinea
0%
Eswatini
0%
Fiji
0%
France
0%
F.S. Micronesia
0%
Gabon
0%
Gambia
0%
Germany
0%
Ghana
0%
Greece
0%
Grenada
0%
Guinea-Bissau
0%
Haiti
0%
Honduras
0%
Hungary
0%
Indonesia
0%
Iran
0%
Iraq
0%
Italy
0%
Japan
0%
Jordan
0%
Kazakhstan
0%
Kiribati
0%
Kuwait
0%
Kyrgyzstan
0%
Lesotho
0%
Liechtenstein
0%
Lithuania
0%
Malawi
0%
Malaysia
0%
Maldives
0%
Malta
0%
Marshall Islands
0%
Mauritius
0%
Mexico
0%
Moldova
0%
Monaco
0%
Mozambique
0%
Namibia
0%
Nauru
0%
Nepal
0%
Nicaragua
0%
Nigeria
0%
North Korea
0%
North Macedonia
0%
Norway
0%
Oman
0%
Panama
0%
Paraguay
0%
Peru
0%
Philippines
0%
Qatar
0%
Romania
0%
Russia
0%
Rwanda
0%
Saint Kitts and Nevis
0%
Saint Vincent and the Grenadines
0%
São Tomé and Príncipe
0%
Saudi Arabia
0%
Senegal
0%
Serbia
0%
Seychelles
0%
Sierra Leone
0%
Slovakia
0%
Slovenia
0%
Solomon Islands
0%
Somalia
0%
South Africa
0%
South Sudan
0%
Sudan
0%
Suriname
0%
Sweden
0%
Switzerland
0%
Syria
0%
Tajikistan
0%
Tanzania
0%
Togo
0%
Tunisia
0%
Turkmenistan
0%
Uganda
0%
Ukraine
0%
United Kingdom
0%
Uruguay
0%
Uzbekistan
0%
Vanuatu
0%
Vatican City
0%
Venezuela
0%
Vietnam
0%
Zambia
0%
Zimbabwe
0%
No matching quizzes found
Score Distribution
Percent of People with Each Score
Percentile by Number Answered
Your Score History
You have not taken this quiz